000 00472nam a22002177a 4500
003 UA-OsUOA
001 36117
007 ta
008 20060118b un ||||| |||| 00| 0 ukr d
100 _aДубогриз Є.
090 _a32
_bД11
942 _cSA
040 _aUA-OsUOA
_bukr
_cUA-OsUOA
_dUA-OsUOA
245 _aПостраждалі
300 _aС.5
955 _a0
041 _aukr
080 _a32
773 0 _w36115
650 7 _a32 Політика
_2UDC
999 _c322374
_d322374